000 00999nam a22002657a 4500
005 2009101001251.0
008 091010t xxu||||| |||| 00| 0 eng d
010 _aENG-95118
020 _a0198063555
_c375.00
020 _a9780198063551
_c375.00
035 _aEN-78651
037 _bDBAD/PUB
040 _aDPL
_bENG
082 _a342.54
245 _aPolitics and ethics of the Indian Constitution /
_cedited by Rajeev Bhargava
260 _aNew Delhi
_bOxford University Press
_c2008
270 _aYMCA Library Building , Jai Shingh Road,
_bNew Delhi
_e110001
300 _avi, 409p.
_c22cm.(Pbk)
500 _aIncludes index
650 _aConstitutional law
_zIndia
650 _aConstitutional law
_xMoral and ethical aspects
700 _aBhargava, Rajeev
942 _2ddc
_cEN
_mPOL
_h342.54
999 _c30876
_d30876